000 01440nas1a22002771i 4500
001 RU\NLR\INFOCOMM21\5000038770
005 20240723110940.0
035 _a(NLR Aleph) 002394392
090 _a4640336
_c4640336
100 _a20050118c1991 |||y0rusy50 ca
101 0 _arus
102 _aRU
110 _aayuzz 0|y|
200 1 _aФандет экспресс
_eФантастика. Детектив
210 _aМ.
_cТранс Ф
_d1991-
801 1 _aRU
_bInfoComm
_c20050118
801 0 _aRU
_bNLR
_gPSBO
852 _aNLR
_jП35/536
942 _cJOURNAL
980 _aRUSPER